Management Science Building and Using Models

Guardado en:
Detalles Bibliográficos
Autor principal: Knowles, Thomas W.
Formato: Libro
Lenguaje:inglés
Publicado: Homewood Irwin 1989
Edición:1. ed.
Materias:
Etiquetas: Agregar Etiqueta
Sin Etiquetas, Sea el primero en etiquetar este registro!

MARC

LEADER 00000nam a2200000 4500
001 c002604
005 20221215114122.8
020 |a 0-256-05682-X 
041 0 |a eng 
044 |a US 
245 1 0 |a Management Science  |b Building and Using Models  |c Thomas W. Knowles 
250 |a 1. ed. 
264 1 |a Homewood  |b Irwin  |c 1989 
300 |a 1035 s. 
610 2 0 |a manažment 
610 2 0 |a veda o riadení 
610 2 0 |a modelovanie 
610 2 0 |a programovanie lineárne 
610 2 0 |a modely lineárne 
610 2 0 |a rozhodovanie 
610 2 0 |a analýza citlivosti 
610 2 0 |a modely rozhodovania 
610 2 0 |a prognózovanie 
610 2 0 |a zásoby 
610 2 0 |a dopyt 
610 2 0 |a simulácia 
610 2 0 |a počítače 
610 2 0 |a analýza štatistická 
610 2 0 |a JIT 
610 2 0 |a štúdie prípadové 
100 1 |a Knowles, Thomas W.